| 000 | 00743nam a22002417a 4500 | ||
|---|---|---|---|
| 999 |
_c127342 _d127342 |
||
| 001 | 1024405 | ||
| 003 | ARRUPE | ||
| 005 | 20180111112022.0 | ||
| 008 | 880229s1987 fr 000 0 fre | ||
| 010 | _a 88115745 | ||
| 020 | _c85.00F | ||
| 040 |
_aDLC _cDLC _dDLC |
||
| 050 | 0 | 0 | _aBF1589.W41 |
| 100 | 1 |
_aWebster, Hutton _938366 |
|
| 245 | 1 | 3 |
_aLe tabou / _cHutton Webster _betude sociologique |
| 260 |
_aParis : _bPayot _c1952. |
||
| 300 |
_a352 p. ; _c23 cm. |
||
| 650 |
_aMagic _932316 |
||
| 906 |
_a7 _bcbc _corignew _d4 _encip _f19 _gy-gencatlg |
||
| 942 |
_2lcc _cMONOGRAPH |
||